000
00250nam a2200097Ia 4500
001
977741
005
20250826220733.0
008
250824s9999 xx 000 0 und d
245
0
_a
Billur Kalp
_c
Hüseyin Rahmi Gürpınar
260
_b
Everest Yayınları
999
_c
977741
_d
977741